[Event "Rio Branco Acre op 3rd"]
[Site "Rio Branco"]
[Date "2018.09.07"]
[Round "3"]
[White "Mattos, Victor L De Albuque"]
[Black "Duailibi, Ricardo Miguel"]
[Result "0-1"]
[WhiteElo "1774"]
[BlackElo "1858"]
[PlyCount "36"]
[EventDate "2018.09.06"]
[EventType "swiss"]
[EventRounds "7"]
[EventCountry "BRA"]
[SourceTitle "CBM 187 Extra"]
[Source "ChessBase"]
[SourceDate "2018.11.04"]
[SourceVersion "1"]
[SourceVersionDate "2018.11.04"]
[SourceQuality "1"]

1. e4 e5 2. Nf3 Nc6 3. Nc3 Bc5 4. Be2 Nf6 5. 0-0 d6 6. d3 h6 7. Na4 Bb6 8. Nxb6 axb6 9. Be3 Ne7 10. Qd2 g5 11. h3 Ng6 12. Nh2 Nf4 13. Bxf4 gxf4 14. Ng4 Nxg4 15. Bxg4 Bxg4 16. hxg4 h5 17. gxh5 Qh4 18. g3 Qxh5 0-1